All NFL QBs to Start a Game 2023-2024 - Statistics

General Stats
  • This quiz has been taken 263 times
  • The average score is 51 of 67
Answer Stats
Team # of Games Answer % Correct
Browns 6 Deshaun Watson
98%
Chiefs 16 Patrick Mahomes
98%
Vikings 8 Kirk Cousins
96%
Broncos 15 Russell Wilson
96%
Lions 17 Jared Goff
95%
Bengals 10 Joe Burrow
95%
Ravens 16 Lamar Jackson
95%
Rams 15 Matthew Stafford
95%
Jaguars 16 Trevor Lawrence
95%
Jets 11 Zach Wilson
95%
Buccaneers 17 Baker Mayfield
94%
Seahawks 15 Geno Smith
94%
Packers 17 Jordan Love
94%
Bills 17 Josh Allen
94%
Bears 13 Justin Fields
94%
Patriots 11 Mac Jones
94%
Dolphins 17 Tua Tagovailoa
94%
49ers 16 Brock Purdy
93%
Cowboys 17 Dak Prescott
93%
Giants 6 Daniel Jones
93%
Eagles 17 Jalen Hurts
93%
Chargers 13 Justin Herbert
93%
Panthers 16 Bryce Young
92%
Texans 15 C.J. Stroud
92%
Saints 17 Derek Carr
92%
Steelers 12 Kenny Pickett
92%
Colts 4 Anthony Richardson
91%
Colts 13 Gardner Minshew
91%
Browns 5 Joe Flacco
91%
Cardinals 8 Kyler Murray
91%
Titans 9 Will Levis
90%
Jets 1 Aaron Rodgers
87%
Raiders 6 Jimmy Garoppolo
87%
Vikings 4 Josh Dobbs
87%
Cardinals 8 Josh Dobbs
87%
Titans 8 Ryan Tannehill
87%
Falcons 13 Desmond Ridder
84%
Commanders 17 Sam Howell
84%
Raiders 10 Aidan O'Connell
81%
Steelers 3 Mason Rudolph
78%
49ers 1 Sam Darnold
78%
Giants 6 Tommy DeVito
78%
Seahawks 2 Drew Lock
76%
Bengals 7 Jake Browning
74%
Ravens 1 Tyler Huntley
72%
Patriots 6 Bailey Zappe
71%
Browns 3 Dorian Thompson-Robinson
69%
Panthers 1 Andy Dalton
68%
Steelers 2 Mitchell Trubisky
68%
Giants 5 Tyrod Taylor
66%
Chargers 4 Easton Stick
63%
Rams 1 Carson Wentz
61%
Vikings 3 Nick Mullens
59%
Falcons 4 Taylor Heinicke
59%
Bears 4 Tyson Bagent
53%
Broncos 2 Jarret Stidham
51%
Texans 2 Case Keenum
40%
Vikings 2 Jaren Hall
40%
Browns 2 P.J. Walker
40%
Chiefs 1 Blaine Gabbert
38%
Jets 3 Trevor Siemian
37%
Jets 2 Tim Boyle
35%
Cardinals 1 Clayton Tune
30%
Jaguars 1 C.J. Beathard
29%
Raiders 1 Brian Hoyer
28%
Rams 1 Brett Rypien
26%
Browns 1 Jeff Driskel
20%
No matching quizzes found
Score Distribution
Percent of People with Each Score
Percentile by Number Answered
Your Score History
You have not taken this quiz